Psychologie v ekonomické praxi určeno pro psychologii práce a její aplikace

Enregistré dans:
Détails bibliographiques
Format: Publication en série
Langue:tchèque
Publié: Praha Univerzita Karlova v Praze
Sujets:
Tags: Ajouter un tag
Pas de tags, Soyez le premier à ajouter un tag!

MARC

LEADER 00000nas1a22000001 4500
001 s120018
005 20230425094628.2
022 |a 0033-300X 
041 0 |a cze 
044 |a CZ 
245 1 0 |a Psychologie v ekonomické praxi  |b určeno pro psychologii práce a její aplikace 
264 1 |a Praha  |b Univerzita Karlova v Praze 
500 |a Od 1.1.2009 časopis pokračuje pod názvom Psychologie pro praxi. 
610 2 0 |a psychológia 
610 2 0 |a ekonómia